FAR FRON THE MADDING CROWN (Record no. 8878)
[ view plain ]
| 000 -LEADER | |
|---|---|
| fixed length control field | 00211 a2200097 4500 |
| 005 - DATE AND TIME OF LATEST TRANSACTION | |
| control field | 20191017172429.0 |
| 084 ## - OTHER CLASSIFICATION NUMBER | |
| Classification number | NONE |
| 100 ## - MAIN ENTRY--PERSONAL NAME | |
| Personal name | CLIFFS NOTES |
| 100 ## - MAIN ENTRY--PERSONAL NAME | |
| Personal name | R E JONSSON |
| 245 ## - TITLE STATEMENT | |
| Title | FAR FRON THE MADDING CROWN |
| Medium | Text |
| 650 ## - SUBJECT ADDED ENTRY--TOPICAL TERM | |
| Topical term or geographic name entry element | literature |
No items available.